A-Z creatures in Harry Potter books 1-7 Quiz Stats

 Plays Quiz not verified by Sporcle

Score 0/80 Timer 20:00
0 Plays Today
Initials Creature % Correct
AAragog
95.7%
BBasilisk
86.9%
BBuckbeak
84.4%
BBogart
82.2%
FFluffy
81.2%
BBeetle
80.7%
HHedwig
79%
DDobby
78.9%
NNagini
78.1%
CCrookshanks
77.4%
FFang
76.8%
EErrol
76.5%
NNorbert
75.5%
M. NMrs. Norris
75.4%
PPigwidgeon
74.6%
FFawkes
74.5%
GGoblin
74.1%
UUnicorn
74.1%
DDementor
73.7%
PPhoenix
72.9%
DDog
72.9%
CCentaur
71.9%
MMermaid
71.4%
GGrawp
71.1%
S or SBSirius
70.9%
HHagrid
70.9%
HHippogriff
70.5%
TTrevor
70.5%
GGiant
70.1%
M or MMMcGonagall
69.7%
FFerret
68.6%
AArnold
67.8%
RSRita Skeeter
67.5%
TThestral
66.1%
BBane
65.1%
B-E SBlast-ended skrewt
64.2%
KKreacher
63.9%
NRNorwegian ridgeback
63.8%
WWerewolf
63.7%
GGhoul
63.1%
Initials Creature % Correct
L or LR or PLLupin
62.5%
CPCornish piskies
61.9%
GG or GGarden gnome
59.9%
FFirenze
59.4%
HHHungarian horntail
58.8%
CFChinese fireball
58.6%
SSphinx
57.2%
T or MTTroll
57%
VVeela
56.6%
G or TGGrim
55.9%
GGrindylow
55.2%
DDoe
54.1%
FFairy
54%
PPeeves
53.7%
SStag
53.6%
SScabbers
53%
GGoat
52.7%
P or PPPuffskein
52.2%
GGnome
51.9%
HHermes
51.2%
NNiffler
49.4%
HHokey
49.1%
MMummy
49.1%
RRonan
48.7%
S or GSSquid
48.6%
IInferi
45.1%
BBowtruckle
45.1%
FFlobberworm
43%
FGFenrir
42.8%
KKneazle
42.5%
WWinky
41.1%
MMagorian
40.9%
DDoxy
40.2%
WGWelsh Green
39.8%
FDFleur
38.3%
S S-SSwedish short-snout
36.6%
HHinkypunk
36.5%
GDGabrielle
32.5%
C-H SCrumple-Horned Snorkacks
27.3%
FCFire crab
14.7%

You're not logged in!

Compare scores with friends on all Sporcle quizzes.
OR
Log In

Show Comments

Extras

Top Quizzes Today


Score Distribution

Your Account Isn't Verified!

In order to create a playlist on Sporcle, you need to verify the email address you used during registration. Go to your Sporcle Settings to finish the process.

Report this User

Report this user for behavior that violates our Community Guidelines.

Details: